Small pulsed source of electrons with an energy of 1-6 MeV; Instruments and Experimental Techniques; Vol. 23, iss. 5, pt. 1
| Parent link: | Instruments and Experimental Techniques.— , 1956- Vol. 23, iss. 5, pt. 1.— 1980.— P. 1084-1086 |
|---|---|
| 1. Verfasser: | |
| Weitere Verfasser: | |
| Zusammenfassung: | The article describes a system for extracting the electron beam from a betatron with azimuthal variation of the controlling magnetic field; the parameters of a small pulsed source of electrons with an energy of 1-6 MeV are presented; the source is built on the base of the betatron. В фонде НТБ ТПУ отсутствует |
| Sprache: | Englisch |
| Veröffentlicht: |
1980
|
| Schlagworte: | |
| Format: | MixedMaterials Buchkapitel |
| KOHA link: | https://koha.lib.tpu.ru/cgi-bin/koha/opac-detail.pl?biblionumber=599805 |
MARC
| LEADER | 00000naa0a2200000 4500 | ||
|---|---|---|---|
| 001 | 599805 | ||
| 005 | 20250122110004.0 | ||
| 035 | |a (RuTPU)RU\TPU\tpu\23942 | ||
| 035 | |a RU\TPU\tpu\23940 | ||
| 090 | |a 599805 | ||
| 100 | |a 20131111d1980 k||y0rusy50 ba | ||
| 101 | 0 | |a eng | |
| 102 | |a RU | ||
| 200 | 1 | |a Small pulsed source of electrons with an energy of 1-6 MeV |f G. V. Erofeeva, V. L. Chakhlov | |
| 330 | |a The article describes a system for extracting the electron beam from a betatron with azimuthal variation of the controlling magnetic field; the parameters of a small pulsed source of electrons with an energy of 1-6 MeV are presented; the source is built on the base of the betatron. | ||
| 333 | |a В фонде НТБ ТПУ отсутствует | ||
| 461 | |t Instruments and Experimental Techniques |d 1956- | ||
| 463 | |t Vol. 23, iss. 5, pt. 1 |v P. 1084-1086 |d 1980 | ||
| 610 | 1 | |a труды учёных ТПУ | |
| 700 | 1 | |a Erofeeva |b G. V. | |
| 701 | 1 | |a Chakhlov |b V. L. |c physicist |c Honored worker of science and technology of the Russian Federation |c Honored Professor of Tomsk Polytechnic University, Doctor ofTechnical Sciences (DSc) |f 1934-2011 |g Vladimir Lukianovich |3 (RuTPU)RU\TPU\pers\30042 |4 070 | |
| 801 | 1 | |a RU |b 63413507 |c 20111213 | |
| 801 | 2 | |a RU |b 63413507 |c 20131111 |g RCR | |
| 942 | |c CR | ||